Ethan Frome /
Shranjeno v:
| Glavni avtor: | |
|---|---|
| Drugi avtorji: | |
| Format: | Knjiga |
| Jezik: | italijanščina |
| Izdano: |
Roma :
TEN,
1994
|
| Izdaja: | Ed. integrale |
| Serija: | Centopaginemillelire ;
131 |
| Oznake: |
Brez oznak, prvi označite!
|
MARC
| LEADER | 00000nam a22000007i 4500 | ||
|---|---|---|---|
| 001 | IT\ICCU\LO1\0337132 | ||
| 003 | ItRI | ||
| 005 | 20260115231935.0 | ||
| 008 | 940603s1994 it |||||| ||||| |||||c | ||
| 020 | |a 8879833685 | ||
| 040 | |b ita |c importazione bologna sebina | ||
| 041 | 7 | |a ita |2 ISO-639-2 | |
| 082 | |a 813.52 |9 NARRATIVA AMERICANA IN LINGUA INGLESE. 1900-1945 |2 19 | ||
| 100 | 1 | |a Wharton, Edith |0 IT\ICCU\CFIV\019601 |4 aut | |
| 240 | 1 | 0 | |a Ethan Frome |3 IT\ICCU\RAV\0151405 |9 Wharton, Edith |
| 245 | 1 | 0 | |a Ethan Frome / |c Edith Wharton ; introduzione di Tommaso Pisanti ; traduzione di Lucio Angelini. |
| 250 | |a Ed. integrale | ||
| 260 | |a Roma : |b TEN, |c 1994 | ||
| 300 | |a 97 p. ; |c 20 cm. | ||
| 700 | 1 | |a Angelini, Lucio |0 IT\ICCU\CFIV\092284 | |
| 790 | 1 | |a Jones, Edith |3 IT\ICCU\LO1V\421065 |z Wharton, Edith | |
| 790 | 1 | |a Wharton, Edith Newbold Jones |3 IT\ICCU\UFIV\132359 |z Wharton, Edith | |
| 830 | 0 | |a Centopaginemillelire ; |v 131 |0 IT\ICCU\RAV\0196182 | |
| 942 | |2 ddc |c BK |n 0 | ||
| 952 | |0 0 |1 0 |4 0 |6 DOC_813_520000000000000_WHA |7 0 |9 17272 |a BO |b BO |d 2026-01-15 |i 10202 |l 0 |o DOC 813.52 WHA |p BO10202 |r 2026-01-15 23:19:35 |w 2026-01-15 |x [Sebina 5] [1 v.] |y BK |z 1 v. | ||
| 999 | |c 14750 |d 14750 | ||